[Event "Hans & Lenze"]
[Site "Lippstadt"]
[Date "1998.08.04"]
[Round "6"]
[White "Wilhelmi, Christian"]
[Black "Wehmeier, Stefan"]
[Result "0-1"]
[WhiteElo "2445"]
[BlackElo "2405"]
[PlyCount "86"]
[EventDate "1998.07.30"]
[EventType "tourn"]
[EventRounds "11"]
[EventCountry "GER"]
[EventCategory "8"]
[SourceTitle "CBM 065 Extra"]
[Source "ChessBase"]
[SourceDate "1998.09.09"]
[SourceVersion "1"]
[SourceVersionDate "1998.09.09"]
[SourceQuality "1"]

1. c4 d6 2. Nc3 Nf6 3. d4 g6 4. Nf3 Bg7 5. g3 0-0 6. Bg2 Nbd7 7. 0-0 e5 8. h3 c6 9. e4 a6 10. Qc2 b5 11. c5 dxc5 12. dxe5 Ne8 13. Bg5 f6 14. exf6 Bxf6 15. Bxf6 Nexf6 16. e5 Nd5 17. Rad1 Qe7 18. Rxd5 cxd5 19. Nxd5 Qg7 20. e6 Bb7 21. Ng5 Nf6 22. e7 Bxd5 23. exf8Q+ Qxf8 24. Bxd5+ Nxd5 25. Qe4 Qf5 26. Rd1 Qxg5 27. h4 Qf5 28. Qxf5 gxf5 29. Rxd5 c4 30. Rxf5 Rd8 31. a4 b4 32. Rc5 c3 33. b3 Rd1+ 34. Kg2 Rb1 35. Kf3 Rxb3 36. Ke3 Ra3 37. Kd3 Rxa4 38. Kc4 a5 39. f4 Ra1 40. Kb3 Rb1+ 41. Ka4 Ra1+ 42. Kb3 Ra3+ 43. Kc2 a4 0-1

[Event "Hans & Lenze"]
[Site "Lippstadt"]
[Date "1998.08.01"]
[Round "3"]
[White "Kindermann, Stefan"]
[Black "Wilhelmi, Christian"]
[Result "1/2-1/2"]
[WhiteElo "2565"]
[BlackElo "2445"]
[PlyCount "55"]
[EventDate "1998.07.30"]
[EventType "tourn"]
[EventRounds "11"]
[EventCountry "GER"]
[EventCategory "8"]
[SourceTitle "CBM 065 Extra"]
[Source "ChessBase"]
[SourceDate "1998.09.09"]
[SourceVersion "1"]
[SourceVersionDate "1998.09.09"]
[SourceQuality "1"]

1. e4 c5 2. Nf3 Nc6 3. d4 cxd4 4. Nxd4 Qc7 5. Nc3 e6 6. Be3 a6 7. Bd3 Nf6 8. 0-0 Ne5 9. h3 Bc5 10. Kh1 d6 11. f4 Ng6 12. Qd2 0-0 13. f5 Ne5 14. a3 Bd7 15. Be2 Nc6 16. Rad1 Rae8 17. fxe6 fxe6 18. Nb3 Bxe3 19. Qxe3 Bc8 20. Qg3 Ne5 21. Rd2 Qe7 22. Rfd1 Rd8 23. Nd4 b5 24. Qe3 Bb7 25. Nf3 Ng6 26. Nd4 Ne5 27. Nf3 Ng6 28. Nd4 1/2-1/2

[Event "Hans & Lenze"]
[Site "Lippstadt"]
[Date "1998.07.31"]
[Round "2"]
[White "Wilhelmi, Christian"]
[Black "Bischoff, Klaus"]
[Result "1-0"]
[WhiteElo "2445"]
[BlackElo "2550"]
[PlyCount "89"]
[EventDate "1998.07.30"]
[EventType "tourn"]
[EventRounds "11"]
[EventCountry "GER"]
[EventCategory "8"]
[SourceTitle "CBM 065 Extra"]
[Source "ChessBase"]
[SourceDate "1998.09.09"]
[SourceVersion "1"]
[SourceVersionDate "1998.09.09"]
[SourceQuality "1"]

1. e4 c5 2. Nf3 e6 3. d4 cxd4 4. Nxd4 a6 5. Bd3 Qb6 6. Nb3 Qc7 7. c4 b6 8. Nc3 d6 9. 0-0 Nf6 10. Qe2 Be7 11. f4 Nc6 12. Bd2 Nd7 13. Rac1 Nc5 14. Bb1 0-0 15. Kh1 Bb7 16. Na1 Rfe8 17. a3 Bf8 18. b4 Nd7 19. Nb3 Ne7 20. Bd3 g6 21. Qf2 Bg7 22. Rfe1 Rac8 23. Bf1 Qb8 24. Re3 f5 25. Ree1 fxe4 26. Nxe4 Nf5 27. Ng5 Nf8 28. Bc3 Bxc3 29. Rxc3 Qc7 30. Nd4 Qg7 31. Rd3 Qf6 32. Nxf5 exf5 33. Red1 Rc6 34. b5 axb5 35. cxb5 Rc7 36. Qxb6 Rce7 37. Rxd6 Qc3 38. a4 h6 39. Rxg6+ Nxg6 40. Qxg6+ Qg7 41. Bc4+ Kh8 42. Nf7+ Qxf7 43. Qxf7 Rxf7 44. Bxf7 Re2 45. Bc4 1-0

[Event "Bundesliga 9798"]
[Site "Germany"]
[Date "1998.03.29"]
[Round "13.6"]
[White "Hansen, Curt"]
[Black "Wilhelmi, Christian"]
[Result "1-0"]
[WhiteElo "2600"]
[BlackElo "2405"]
[PlyCount "105"]
[EventDate "1997.10.18"]
[EventType "team-tourn"]
[EventRounds "15"]
[EventCountry "GER"]
[SourceTitle "GER-chT"]
[Source "ChessBase"]
[SourceDate "1999.07.01"]
[SourceVersion "1"]
[SourceVersionDate "1999.07.01"]
[SourceQuality "1"]
[WhiteTeam "Koeln Porz"]
[BlackTeam "Hamburger SK"]
[WhiteTeamCountry "GER"]
[BlackTeamCountry "GER"]

1. c4 Nf6 2. Nc3 e6 3. d4 Bb4 4. Nf3 Nc6 5. e3 d6 6. Qc2 e5 7. a3 Bxc3+ 8. Qxc3 Bg4 9. dxe5 dxe5 10. b4 Qe7 11. b5 Bxf3 12. gxf3 Nd4 13. Bg2 Rd8 14. Bb2 0-0 15. Kf1 Nf5 16. Qxe5 Qd7 17. Qc3 Nh5 18. h4 Qd2 19. Qxd2 Rxd2 20. Be5 Rfd8 21. Kg1 Rc2 22. f4 Rxc4 23. Ra2 c6 24. bxc6 bxc6 25. Bf3 Nf6 26. Kg2 Nd5 27. h5 f6 28. Ba1 Kf7 29. Be2 Ra4 30. Rc1 Nfe7 31. Bc4 Rb8 32. Kf3 Ke8 33. h6 g6 34. Bxd5 Nxd5 35. Rxc6 Rb3 36. Rd2 Rxf4+ 37. Ke2 Rf5 38. Rc8+ Kf7 39. Rh8 Rxa3 40. Rxh7+ Ke6 41. Bb2 Ra4 42. Rh8 Rh4 43. h7 Ne7 44. Ba3 Rfh5 45. Rd6+ Kf5 46. Rf8 Rxh7 47. Rfxf6+ Kg5 48. Ra6 Nd5 49. Rxg6+ Kf5 50. Rgc6 Rd7 51. Ra5 Re4 52. Kf3 Rh4 53. Bd6 1-0

[Event "Bundesliga 9798"]
[Site "Germany"]
[Date "1998.03.28"]
[Round "12.6"]
[White "Wilhelmi, Christian"]
[Black "Pirrot, Dieter"]
[Result "1-0"]
[WhiteElo "2405"]
[BlackElo "2410"]
[PlyCount "93"]
[EventDate "1997.10.18"]
[EventType "team-tourn"]
[EventRounds "15"]
[EventCountry "GER"]
[SourceTitle "GER-chT"]
[Source "ChessBase"]
[SourceDate "1999.07.01"]
[SourceVersion "1"]
[SourceVersionDate "1999.07.01"]
[SourceQuality "1"]
[WhiteTeam "Hamburger SK"]
[BlackTeam "Duisburg"]
[WhiteTeamCountry "GER"]
[BlackTeamCountry "GER"]

1. Nf3 d5 2. c4 dxc4 3. Na3 Nc6 4. Nxc4 Qd5 5. d3 Bg4 6. Ne3 Qh5 7. Nxg4 Qxg4 8. g3 e5 9. a3 0-0-0 10. Bg2 f6 11. Qb3 Bc5 12. Bd2 Nge7 13. Rc1 Bb6 14. Rc4 Qe6 15. Qa4 Kb8 16. b4 Nd5 17. 0-0 g5 18. b5 Nd4 19. Nxd4 exd4 20. Qc2 Rhe8 21. a4 Nc3 22. Bxc3 dxc3 23. Re4 Qd6 24. Qxc3 h5 25. e3 Rxe4 26. Bxe4 Qe5 27. Qxe5 fxe5 28. Kg2 Bc5 29. Rc1 Be7 30. Rc4 Rf8 31. Bf3 h4 32. gxh4 gxh4 33. Rg4 a6 34. bxa6 bxa6 35. Bd5 c5 36. Rg7 Bd8 37. Rb7+ Kc8 38. Ra7 a5 39. h3 Rf6 40. Rh7 Rf8 41. Kf1 Re8 42. Ke2 Re7 43. Rh8 Rg7 44. Kf3 Kc7 45. Ke4 Rg2 46. Rf8 Be7 47. Kxe5 1-0

[Event "Bundesliga 9798"]
[Site "Germany"]
[Date "1998.03.01"]
[Round "11.6"]
[White "Schoene, Ralf"]
[Black "Wilhelmi, Christian"]
[Result "0-1"]
[WhiteElo "2435"]
[BlackElo "2405"]
[PlyCount "72"]
[EventDate "1997.10.18"]
[EventType "team-tourn"]
[EventRounds "15"]
[EventCountry "GER"]
[SourceTitle "GER-chT"]
[Source "ChessBase"]
[SourceDate "1999.07.01"]
[SourceVersion "1"]
[SourceVersionDate "1999.07.01"]
[SourceQuality "1"]
[WhiteTeam "Neukoelln"]
[BlackTeam "Hamburger SK"]
[WhiteTeamCountry "GER"]
[BlackTeamCountry "GER"]

1. c4 c5 2. b3 Nc6 3. Bb2 e5 4. e3 g6 5. d3 Bg7 6. Nf3 Nge7 7. Nbd2 0-0 8. Rc1 d6 9. Qc2 h6 10. Be2 f5 11. 0-0 g5 12. Ne1 f4 13. Ne4 g4 14. exf4 exf4 15. Bxg7 Kxg7 16. Qb2+ Nd4 17. Nc2 Nec6 18. f3 h5 19. Rf2 Kh7 20. Rcf1 Nxe2+ 21. Rxe2 gxf3 22. gxf3 Bh3 23. Rd1 Qh4 24. Kh1 Ne5 25. d4 Nxf3 26. dxc5 Rae8 27. Nd4 Nxd4 28. Qxd4 Bg4 29. Rg2 f3 30. Rg3 Rf4 31. Re1 f2 32. Rf1 Rexe4 33. Qxd6 Bf3+ 34. Rxf3 Rxf3 35. Qd7+ Re7 36. Qd5 Qg4 0-1

[Event "Pyramiden Franken Cup 1st"]
[Site "Fuerth"]
[Date "1998.??.??"]
[Round "5"]
[White "Arnold, Johannes"]
[Black "Wilhelmi, Christian"]
[Result "0-1"]
[WhiteElo "2325"]
[BlackElo "2470"]
[PlyCount "80"]
[EventDate "1998.08.??"]
[EventType "swiss"]
[EventRounds "9"]
[EventCountry "GER"]
[SourceTitle "EXT 1999"]
[Source "ChessBase"]
[SourceDate "1998.11.16"]
[SourceVersion "1"]
[SourceVersionDate "1998.11.16"]
[SourceQuality "1"]

1. d4 Nf6 2. c4 e6 3. Nf3 b6 4. g3 Ba6 5. b3 d5 6. Qc2 c5 7. Bg2 Nc6 8. cxd5 Nxd5 9. Bb2 Rc8 10. 0-0 cxd4 11. Qd1 d3 12. exd3 Nf6 13. Re1 Be7 14. d4 Nd5 15. a3 0-0 16. Nbd2 Bb7 17. Nc4 Bf6 18. Nfe5 g6 19. h4 Nce7 20. h5 Nf5 21. Qg4 Bg7 22. hxg6 hxg6 23. Rad1 b5 24. Nd2 Rc2 25. Ba1 Nf6 26. Qh3 Bxg2 27. Qxg2 Qa5 28. Ne4 Nd5 29. Ng5 Bh6 30. Qe4 Rc7 31. Nexf7 Rcxf7 32. Nxf7 Rxf7 33. Qxe6 Nfe7 34. Qd7 Qxa3 35. Qxb5 Qd6 36. Bb2 Be3 37. Qe8+ Rf8 38. Qxf8+ Kxf8 39. fxe3 Qxg3+ 40. Kf1 Nxe3+ 0-1

[Event "Mitropa Cup 18th"]
[Site "Portoroz"]
[Date "1998.??.??"]
[Round "6"]
[White "Babula, Vlastimil"]
[Black "Wilhelmi, Christian"]
[Result "1-0"]
[WhiteElo "2575"]
[BlackElo "2470"]
[PlyCount "80"]
[EventDate "1998.07.04"]
[EventType "team-tourn"]
[EventRounds "9"]
[EventCountry "SLO"]
[SourceTitle "EXT 1999"]
[Source "ChessBase"]
[SourceDate "1998.11.16"]
[SourceVersion "1"]
[SourceVersionDate "1998.11.16"]
[SourceQuality "1"]

1. d4 Nf6 2. c4 g6 3. Nc3 Bg7 4. e4 d6 5. Nf3 0-0 6. Be2 e5 7. 0-0 Nc6 8. d5 Ne7 9. b4 Nh5 10. Re1 Nf4 11. Bf1 a5 12. bxa5 Rxa5 13. a4 c5 14. Nb5 Ra6 15. Ra3 f5 16. Bxf4 exf4 17. e5 dxe5 18. Nxe5 Nc6 19. Nd3 Nd4 20. Nxc5 Nxb5 21. cxb5 Rd6 22. Qf3 Qa5 23. Qxf4 Qxe1 24. Re3 Qa1 25. Qxd6 f4 26. Re7 f3 27. Nd7 Bxd7 28. Qxd7 Bd4 29. Qe6+ Kh8 30. Rf7 Qa3 31. Rxf8+ Qxf8 32. Qe4 Qf6 33. Qxf3 b6 34. Qxf6+ Bxf6 35. d6 Kg7 36. Bc4 h5 37. g3 Bd8 38. f4 Kf6 39. h4 Kf5 40. Kg2 Kf6 1-0